000 00681nam a2200277Ia 4500
008 190123s9999 xx 000 0 und d
020 _a9780531212769
050 _bW636 2009
100 _aRinaldo, Denise
245 0 _aJulius Caesar :
245 0 _bdictator for life /
245 0 _cby Denise Rinaldo.
260 _aNew York, New York :
260 _bScholastic,
260 _c2009
300 _a128 pages :
300 _bcolored illustrations ;
300 _c18cm.
440 _aA wicked history.
500 _a1030L
650 _aCaesar, Julius.
650 _aHeads of state --
650 _xRome -- Biography.
700 _aSeries.
700 _aTitle.
999 _c361252
_d361252